000 00664nam a2200229Ii 4500
003 JO-AjNU
008 230605s9999||||xx |||||||||||||| ||und||
017 _a1995/5256
020 _a977-7049-81-1
040 _aJO-AjNU
_bara
_erda
_cJO-AjNU
041 _aara
050 1 4 _aHF5415.2007
100 3 _aعبدالفتاح،محمد سعيد ,
_eauthor
_932821
245 0 0 _aالتسويق
250 _aط5
264 3 1 _aالاسكندرية:المكتب العربي الحديث؛2007
300 _a663ص
336 _atext
_btxt
_2rdacontent
337 _aunmediated
_bn
_2rdamedia
338 _avolume
_bnc
_2rdacarrier
650 4 _aالتسوبق
_932822
999 _aA13294
_c16862
_d16862